000 00732nam a2200277Ia 4500
003 OSt
005 20221006144327.0
006 a|||||r|||| 00| 0
007 ta
008 221006b |||||||| |||| 00| 0 eng d
020 _c£3.00
024 _a11,424
037 _cTextual
040 _aEASL
_cEASL
_beng
041 _2eng
_aeng
082 _aU8.2.D645<-D629x1.1, K1
100 _aWATTERS Thomas
245 0 _aOn Yuan Chwang's travels in India
260 _aDelhi
_bOriental Pub. India
_c1961
300 _a357p.
_ccm.
490 _v CEL
650 _a CEL
650 _aTaras to Kapis
_9651649
942 _hU8.2.D645<-D629x1.1, K1
_cTEXL
_2CC
999 _c1079510
_d1079510